000 00509cam a2200205ua 4500
001 10178
005 20260515114558.0
008 170925n ii |||gr||||Z||||||eng
020 _a9788183162555
040 _cMAIN
041 _aeng
082 _a150
100 _aGoswami, Marami,
_eAuthor.
245 _aMeasurement and evaluation in psychology and education
_cBy Marami Goswami
250 _aRep.
260 _aHyderabad:
_bNeelkamal,
_c2014.
300 _a428p.
653 _aPsychology
942 _cBK
999 _c9166
_d9166